000 00828nam0a22002411 4500
001 rc\149993
005 20250620210542.0
010 _a5-265-03049-2
_9950
035 _a(NLR Aleph) 005418556
090 _a7450137
_c7450137
100 _a20030307d1992 |||y0rusy50 ca
101 0 _arus
102 _aRU
105 _aa |||||||||
200 1 _aГде ты был?
_eКорот. роман в рассказах и записях разных лет
_f[Предисл. Григория Померанца и Зинаиды Миркиной]
210 _aМ.
_cВозвращение
_d1992
215 _a[1], 160 с.
_cпортр.
_d20
700 1 _aМазус
_bИ.А.
_f1929-
_gИзраиль Аркадьевич
801 0 _aRU
_bNLR
_gpsbo
801 1 _aRU
_bELAR
_2rusmarc
852 _aNLR
_j94-3/5304
942 _cBOOK
980 _aNB